000 00408cam a2200181 4500
001 D12562
008 090401t1900 xxu||||| |||| 00| 0 eng d
035 _a(Sirsi) u4231
041 _aeng
100 _aDaniels, G St Leger
245 2 _aA compendium of commission cases
250 _a3rd
260 _bFrank P Wilson
_c1900
350 _a0
520 _aShelf 114
942 _n0
948 _c04/03/1997
999 _c86006
_d86006